[Event "Torino Sada op"]
[Site "Torino"]
[Date "2012.10.15"]
[Round "5"]
[White "Bussa, Paolo"]
[Black "Musso, Maurizio"]
[Result "0-1"]
[WhiteElo "1876"]
[BlackElo "1993"]
[PlyCount "60"]
[EventDate "2012.09.17"]
[EventType "swiss"]
[EventRounds "7"]
[EventCountry "ITA"]
[SourceTitle "EXT 2018"]
[Source "ChessBase"]
[SourceDate "2017.10.13"]
[SourceVersion "1"]
[SourceVersionDate "2017.10.13"]
[SourceQuality "1"]

1. c4 e6 2. g3 f5 3. Bg2 Nf6 4. d4 d5 5. Nc3 c6 6. cxd5 exd5 7. Nf3 Nbd7 8. 0-0 Bd6 9. Bg5 0-0 10. Rb1 h6 11. Bd2 a5 12. Qc2 Ne4 13. Na4 Ndf6 14. Ne5 Bxe5 15. dxe5 Ng4 16. f4 b5 17. Bxe4 fxe4 18. Qxc6 bxa4 19. Qxa8 Qb6+ 20. Kg2 e3 21. Qxa5 Qe6 22. Bc3 Nf2 23. Rxf2 Qh3+ 24. Kg1 exf2+ 25. Kxf2 Qxh2+ 26. Kf3 Qh5+ 27. Ke3 Qg6 28. Qxd5+ Be6 29. Qf3 Qxb1 30. Qc6 Qg1+ 0-1

[Event "Torino Sada op"]
[Site "Torino"]
[Date "2012.10.08"]
[Round "4"]
[White "Musso, Maurizio"]
[Black "Settis, Massimo"]
[Result "0-1"]
[WhiteElo "1993"]
[BlackElo "1969"]
[PlyCount "76"]
[EventDate "2012.09.17"]
[EventType "swiss"]
[EventRounds "7"]
[EventCountry "ITA"]
[SourceTitle "EXT 2018"]
[Source "ChessBase"]
[SourceDate "2017.10.13"]
[SourceVersion "1"]
[SourceVersionDate "2017.10.13"]
[SourceQuality "1"]

1. d4 Nf6 2. e3 g6 3. Bd3 Bg7 4. Nd2 d6 5. f4 0-0 6. Ngf3 Nc6 7. Ne4 e5 8. Nxf6+ Bxf6 9. d5 Nb4 10. fxe5 dxe5 11. e4 Nxd3+ 12. Qxd3 Bg7 13. Bg5 f6 14. Bh4 c6 15. 0-0-0 Qb6 16. d6 Be6 17. Rhf1 Qa5 18. a3 b5 19. Be1 Qb6 20. Bf2 c5 21. Qc3 Rac8 22. b4 Qc6 23. Bxc5 Qxe4 24. d7 Rcd8 25. Be7 Rxd7 26. Rxd7 Bxd7 27. Bxf8 Bxf8 28. Qb3+ Kg7 29. Re1 Qc6 30. Re3 Be6 31. Qd3 Kf7 32. Qe4 Bd5 33. Qh4 h5 34. Nd2 Bh6 35. Re2 Qc3 36. Kb1 Bxd2 37. Qf2 Ba2+ 38. Kxa2 Qxc2+ 0-1

[Event "Torino Sada op"]
[Site "Torino"]
[Date "2012.09.24"]
[Round "2"]
[White "Musso, Maurizio"]
[Black "Zara, Enrico"]
[Result "1-0"]
[WhiteElo "1993"]
[BlackElo "1874"]
[PlyCount "52"]
[EventDate "2012.09.17"]
[EventType "swiss"]
[EventRounds "7"]
[EventCountry "ITA"]
[SourceTitle "EXT 2018"]
[Source "ChessBase"]
[SourceDate "2017.10.13"]
[SourceVersion "1"]
[SourceVersionDate "2017.10.13"]
[SourceQuality "1"]

1. e4 d6 2. d4 Nf6 3. Nc3 g6 4. Be3 Bg7 5. Qd2 h5 6. h3 Nbd7 7. f4 Nb6 8. Nf3 c6 9. Be2 Be6 10. b3 Qc7 11. a4 a5 12. 0-0 Bd7 13. Rad1 e6 14. e5 Nfd5 15. Ne4 Nc8 16. c4 Nxe3 17. Qxe3 d5 18. cxd5 cxd5 19. Rc1 Bc6 20. Nc3 0-0 21. g4 Qe7 22. gxh5 gxh5 23. Kh2 Kh8 24. Rg1 Rg8 25. Rg5 Qf8 26. Rxh5+ Bh6 1-0

[Event "Torino Sada op"]
[Site "Torino"]
[Date "2012.09.17"]
[Round "1"]
[White "Pesce, Eugenio"]
[Black "Musso, Maurizio"]
[Result "0-1"]
[WhiteElo "1756"]
[BlackElo "1993"]
[PlyCount "44"]
[EventDate "2012.09.17"]
[EventType "swiss"]
[EventRounds "7"]
[EventCountry "ITA"]
[SourceTitle "EXT 2018"]
[Source "ChessBase"]
[SourceDate "2017.10.13"]
[SourceVersion "1"]
[SourceVersionDate "2017.10.13"]
[SourceQuality "1"]

1. e4 e6 2. e5 d6 3. exd6 Bxd6 4. d4 Nf6 5. Bg5 Nbd7 6. Nf3 c5 7. Be3 Nd5 8. Bg5 Qb6 9. Bc1 cxd4 10. Nxd4 Bc5 11. c3 e5 12. b4 Bxd4 13. cxd4 Qxb4+ 14. Qd2 0-0 15. Ba3 Qxd2+ 16. Kxd2 Re8 17. Bc4 N5b6 18. Bb3 exd4 19. Kd3 Ne5+ 20. Kxd4 Bf5 21. Kc5 Rac8+ 22. Kb4 Nd3+ 0-1

[Event "Torino-ch 36th"]
[Site "Torino"]
[Date "2011.12.04"]
[Round "7"]
[White "Melone, Antonio"]
[Black "Musso, Maurizio"]
[Result "1/2-1/2"]
[WhiteElo "2084"]
[BlackElo "2023"]
[PlyCount "45"]
[EventDate "2011.11.07"]
[EventType "swiss"]
[EventRounds "7"]
[EventCountry "ITA"]
[SourceTitle "EXT 2015"]
[Source "ChessBase"]
[SourceDate "2014.11.20"]
[SourceVersion "1"]
[SourceVersionDate "2014.11.20"]
[SourceQuality "1"]

1. e4 e6 2. g3 d5 3. Bg2 Nf6 4. e5 Nfd7 5. f4 h5 6. Nf3 h4 7. g4 h3 8. Bf1 Be7 9. g5 b6 10. d4 c5 11. c3 Ba6 12. Qc2 Bxf1 13. Rxf1 Nc6 14. f5 cxd4 15. fxe6 Ndxe5 16. Nxe5 Nxe5 17. Qf5 Rh4 18. Bf4 Rxf4 19. Rxf4 Qc7 20. exf7+ Kf8 21. Rxd4 Bxg5 22. Rxd5 Bh4+ 23. Kd1 1/2-1/2

[Event "Torino Sada op"]
[Site "Torino"]
[Date "2010.09.27"]
[Round "3"]
[White "Musso, Maurizio"]
[Black "Digiugno, Franco"]
[Result "0-1"]
[WhiteElo "2023"]
[BlackElo "2053"]
[PlyCount "70"]
[EventDate "2010.09.13"]
[EventType "swiss"]
[EventRounds "7"]
[EventCountry "ITA"]
[SourceTitle "EXT 2018"]
[Source "ChessBase"]
[SourceDate "2017.10.13"]
[SourceVersion "1"]
[SourceVersionDate "2017.10.13"]
[SourceQuality "1"]

1. e4 d5 2. e5 Bf5 3. Nf3 e6 4. c3 c5 5. Qa4+ Nc6 6. Na3 a6 7. Nh4 b5 8. Nxb5 axb5 9. Qxb5 Qc7 10. Nxf5 exf5 11. Be2 Ra5 12. Qb3 c4 13. Qc2 Qxe5 14. b4 Ra7 15. b5 Re7 16. 0-0 Nb8 17. Bf3 Nf6 18. Qa4 Re6 19. b6+ Nfd7 20. d4 Qd6 21. Qb5 Qxb6 22. Qxd5 Qc7 23. Qxf5 Bd6 24. Bd5 Re7 25. Bg5 f6 26. Bh4 Nb6 27. Rae1 Nxd5 28. Qxd5 Qc6 29. Rxe7+ Bxe7 30. Qh5+ g6 31. Qe2 Kf7 32. Rd1 Qd5 33. Rb1 Re8 34. Qd2 Qe4 35. Re1 Qxh4 0-1